| 000 | 00763nam a2200229 i 4500 | ||
|---|---|---|---|
| 001 | 133214 | ||
| 003 | ES-MaACL | ||
| 005 | 20230906194341.0 | ||
| 007 | t| | ||
| 008 | 070214s1987 sp ac |||| |dspa d | ||
| 080 | _a946.0"1936/39"(038) | ||
| 100 | 1 |
_aRubio Cabeza, Manuel. _9100389 |
|
| 245 | 1 | 0 |
_aDiccionario de la Guerra Civil española / _cManuel Rubio Cabeza. |
| 250 | _a1ª ed. | ||
| 260 |
_aBarcelona : _bPlaneta, _c1987. |
||
| 300 |
_a2 v. : _bil. ; _c24 cm. |
||
| 490 | 1 |
_aEspejo de España ; _v127-128. Serie La Guerra Civil |
|
| 651 | 4 |
_aEspaña- _xHistoria- _y1936-1939, Guerra civil- _vDiccionarios. _9158581 |
|
| 830 | 0 |
_aEspejo de España ; _v127-128. Serie La Guerra Civil _9177692 |
|
| 852 |
_aES-MaACL _jL-11877-78 |
||
| 999 |
_c133214 _d133214 |
||